NRJ Music Awards 2000 - Les gagnants - Statistiques

Statistiques générales
  • Ce quiz a été pris 3 fois
  • Le résultat moyen est 8 sur 16
Statistiques - réponses
Hint Réponse % Correct
Artiste féminine francophone Mylène Farmer
100%
Concert de l'année Mylène Farmer
100%
Artiste masculin francophone David Hallyday
67%
Album francophone Innamoramento (Mylène Farmer)
67%
NMA d'honneur (Artiste Féminine) Tina Turner
67%
NMA d'honneur (caritative) Bono / U2
33%
Révélation francophone Hélène Ségara
33%
Site internet musical Jamiroquai
33%
Chanson internationale Mambo No. 5 (Lou Bega)
33%
Artiste féminine internationale Mariah Carey
33%
Album international My Love is your Love (Whitney Houston)
33%
Groupe/duo international Texas
33%
Révélation internationale Tina Arena
33%
Chanson francophone Tomber la chemise (Zebda)
33%
Artiste masculin international Will Smith
33%
Groupe/duo francophone Zebda
33%
Aucun quiz correspondant
Distribution des résultats
% des personnes avec chaque résultat
Percentile par nombre de réponses
Votre historique - résultats
Vous n’avez pas pris ce quiz